[Event "OGD Prinsenstad-toernooi - A groep"]
[Site "Delft"]
[Date "2015.04.04"]
[Round "4.8"]
[White "Glimmerveen, Martin"]
[Black "Steffens, Olaf"]
[Result "1-0"]
[WhiteElo "2086"]
[BlackElo "2240"]
[PlyCount "113"]
[EventDate "2015.04.03"]
[EventType "swiss"]
[EventRounds "6"]
[EventCountry "NED"]
[Source "DSC"]
[SourceDate "2015.07.04"]

1. e4 Nc6 2. Nc3 e6 3. d4 d5 4. e5 Nge7 5. Bg5 Qd7 6. g4 b6 7. Bb5 a6 8. Be2
Bb7 9. Qd2 O-O-O 10. f3 h6 11. Bh4 h5 12. Bg3 g5 13. O-O-O Bg7 14. Kb1 f5 15.
Nh3 f4 16. Bf2 Bh6 17. Rhg1 Rdg8 18. Bd3 Qe8 19. Rg2 hxg4 20. fxg4 Bf8 21. Ng1
Nb4 22. Bf1 Ng6 23. a3 Nc6 24. Nf3 Be7 25. Bd3 Kb8 26. Rh1 Na5 27. Re1 Rh3 28.
Ng1 Rh6 29. Nf3 Rgh8 30. Ka2 Rh3 31. Qe2 Ka7 32. b3 R8h6 33. Rh1 Qc6 34. Nb1
Qe8 35. Nbd2 Rh8 36. Ng1 R3h6 37. Ngf3 Qf8 38. Nb1 Qe8 39. Nbd2 Qf8 40. Nb1 Qf7
41. Rc1 Rh3 42. Rf1 c5 43. Nbd2 c4 44. bxc4 Nxc4 45. Nxc4 Rxf3 46. Nd6 Bxd6 47.
Qxf3 Bxe5 48. Bxg6 Qxg6 49. Bg1 Bg7 50. Re2 e5 51. dxe5 d4 52. Qd3 Qe6+ 53. Ka1
Bxe5 54. Rfe1 Qxg4 55. Rxe5 Rh3 56. Qxd4 Rxa3+ 57. Kb2 1-0

[Event "OGD Prinsenstad-toernooi - A groep"]
[Site "Delft"]
[Date "2015.04.04"]
[Round "4.9"]
[White "Schroer, Marcel"]
[Black "Wiebe, Patrick"]
[Result "1/2-1/2"]
[WhiteElo "2208"]
[BlackElo "2165"]
[PlyCount "116"]
[EventDate "2015.04.03"]
[EventType "swiss"]
[EventRounds "6"]
[EventCountry "NED"]
[Source "DSC"]
[SourceDate "2015.07.04"]

1. d4 d5 2. c4 c6 3. Nc3 Nf6 4. e3 e6 5. Nf3 Nbd7 6. Qc2 Bd6 7. Bd2 Qe7 8.
O-O-O O-O 9. Kb1 dxc4 10. Bxc4 e5 11. dxe5 Nxe5 12. Nxe5 Bxe5 13. f3 g6 14. e4
Be6 15. Bxe6 Qxe6 16. Be3 Qc4 17. Ne2 Qxc2+ 18. Kxc2 Rfe8 19. g3 b6 20. Rd3
Rad8 21. Rhd1 Rxd3 22. Rxd3 c5 23. Nc3 a6 24. Bg5 Kg7 25. Bxf6+ Bxf6 26. Rd7
Re7 27. Rd6 Re6 28. Rxe6 fxe6 29. Na4 Bd8 30. e5 g5 31. Kd3 Kg6 32. Ke4 c4 33.
g4 Kf7 34. Nc3 b5 35. a4 b4 36. Nd1 Bb6 37. Ne3 c3 38. bxc3 b3 39. Nc4 Ke7 40.
Kd3 Bg1 41. h3 Kd7 42. Na5 b2 43. Kc2 Bh2 44. Kxb2 Bxe5 45. Kb3 Bc7 46. Nc4 Kc6
47. Nd2 Kd5 48. Ne4 h6 49. Nf6+ Ke5 50. Nh5 Kd5 51. Kc2 Be5 52. Kd3 Kc5 53. f4
gxf4 54. Ke4 Bxc3 55. Nxf4 Kb4 56. Nxe6 Kxa4 57. Nc5+ Kb5 58. Nxa6 Kxa6 1/2-1/2

[Event "OGD Prinsenstad-toernooi - A groep"]
[Site "Delft"]
[Date "2015.04.04"]
[Round "4.10"]
[White "Kokje, Joris"]
[Black "Jackson, Oliver"]
[Result "1-0"]
[WhiteElo "1979"]
[BlackElo "2100"]
[PlyCount "73"]
[EventDate "2015.04.03"]
[EventType "swiss"]
[EventRounds "6"]
[EventCountry "NED"]
[Source "DSC"]
[SourceDate "2015.07.04"]

1. d4 Nf6 2. c4 e5 3. e3 Nc6 4. Nf3 Bb4+ 5. Bd2 e4 6. Ne5 O-O 7. Nxc6 Bxd2+ 8.
Qxd2 bxc6 9. Be2 d5 10. O-O Re8 11. Nc3 Qd6 12. Rac1 Ng4 13. Bxg4 Bxg4 14. cxd5
cxd5 15. Ne2 Re6 16. h3 Rh6 17. Ng3 Bd7 18. Qa5 c6 19. Qc5 Qe6 20. f4 Qg6 21.
Kh2 Bxh3 22. gxh3 Qg4 23. Kg2 Qxh3+ 24. Kf2 Qh2+ 25. Ke1 Qxg3+ 26. Kd1 Qxe3 27.
Rc3 Qxc3 28. Qxc3 Re8 29. f5 Rf6 30. Ke2 Rh6 31. Qg3 Rf6 32. Rg1 g6 33. Qg5 Rd6
34. f6 Ree6 35. Rf1 Kf8 36. Qh6+ Ke8 37. Qg7 1-0

[Event "OGD Prinsenstad-toernooi - A groep"]
[Site "Delft"]
[Date "2015.04.05"]
[Round "5.1"]
[White "Kravtsiv, Martyn"]
[Black "Haslinger, Stewart"]
[Result "1-0"]
[WhiteElo "2583"]
[BlackElo "2526"]
[PlyCount "89"]
[EventDate "2015.04.03"]
[EventType "swiss"]
[EventRounds "6"]
[EventCountry "NED"]
[Source "DSC"]
[SourceDate "2015.07.04"]

1. e4 d6 2. d4 Nf6 3. Nc3 e5 4. dxe5 dxe5 5. Qxd8+ Kxd8 6. Bg5 Nbd7 7. O-O-O c6
8. Nf3 Ke8 9. Bh4 b5 10. Be2 Be7 11. Rhe1 Ng4 12. Bg3 Bc5 13. Rd2 f6 14. Nh4
Nb6 15. Nf5 Bxf5 16. exf5 Nh6 17. Bd3 Nc4 18. Bxc4 bxc4 19. Ne4 Be7 20. f4 Nxf5
21. fxe5 Nxg3 22. exf6 Nxe4 23. Rxe4 gxf6 24. Rde2 Kf7 25. Rxe7+ Kg6 26. R2e3
a5 27. Rg3+ Kf5 28. Rf3+ Kg6 29. Re6 Rhf8 30. Rxc6 Rac8 31. Rfxf6+ Rxf6 32.
Rxc8 Rf2 33. Rxc4 Rxg2 34. h4 Rh2 35. b3 Kh5 36. a4 Kg6 37. Kb2 Kf6 38. b4 axb4
39. Rxb4 Rg2 40. a5 Ke5 41. a6 Rg6 42. Rb5+ Kd4 43. Ra5 Rg8 44. a7 Ra8 45. Kb3
{Kd5} 1-0

[Event "OGD Prinsenstad-toernooi - A groep"]
[Site "Delft"]
[Date "2015.04.05"]
[Round "5.2"]
[White "De Jong, Migchiel"]
[Black "Khenkin, Igor"]
[Result "0-1"]
[WhiteElo "2330"]
[BlackElo "2590"]
[PlyCount "122"]
[EventDate "2015.04.03"]
[EventType "swiss"]
[EventRounds "6"]
[EventCountry "NED"]
[Source "DSC"]
[SourceDate "2015.07.04"]

1. e4 c5 2. Nf3 e6 3. g3 Nc6 4. Bg2 Nf6 5. Qe2 e5 6. O-O Be7 7. c3 O-O 8. d3 h6
9. Na3 Re8 10. Nc4 Bf8 11. Ne3 d6 12. Nh4 g6 13. a3 Bg7 14. b4 b6 15. Bb2 Ba6
16. c4 Nd4 17. Qd1 b5 18. cxb5 Bxb5 19. a4 Ba6 20. bxc5 dxc5 21. Nc4 Nd7 22.
Bc3 Nb6 23. Nb2 Rb8 24. Nf3 Nc8 25. Nd2 Rxb2 26. Bxb2 Bxd3 27. Bxd4 exd4 28.
Rc1 Bxf1 29. Bxf1 Bf8 30. Qb3 Qb6 31. Bb5 Rd8 32. e5 a6 33. Bd3 Qxb3 34. Nxb3
Nb6 35. a5 Nd7 36. Re1 Rb8 37. Bc4 Kg7 38. e6 fxe6 39. Rxe6 Rb4 40. Nd2 Nb8 41.
Bd3 Kf7 42. Re1 Nc6 43. Bxg6+ Kxg6 44. Re6+ Kf5 45. Rxc6 Ke5 46. Rxa6 c4 47.
Ra8 c3 48. Nf3+ Kd5 49. Rxf8 c2 50. Rf5+ Kd6 51. Rf6+ Kd5 52. Rf5+ Kd6 53. Rf6+
Kc7 54. Rf7+ Kd6 55. Rf6+ Kc5 56. Rf5+ Kc4 57. Ne5+ Kc3 58. Rf3+ Kd2 59. Kg2
c1=Q 60. Nd3 Qb1 61. Nxb4 Ke2 0-1

[Event "OGD Prinsenstad-toernooi - A groep"]
[Site "Delft"]
[Date "2015.04.05"]
[Round "5.3"]
[White "Reinderman, Dimitri"]
[Black "Martens, Martin"]
[Result "1-0"]
[WhiteElo "2574"]
[BlackElo "2409"]
[PlyCount "93"]
[EventDate "2015.04.03"]
[EventType "swiss"]
[EventRounds "6"]
[EventCountry "NED"]
[Source "DSC"]
[SourceDate "2015.07.04"]

1. c4 g6 2. d4 Bg7 3. e4 d6 4. Nc3 e5 5. dxe5 dxe5 6. Qxd8+ Kxd8 7. f4 Nc6 8.
fxe5 Be6 9. Nf3 h6 10. Bf4 g5 11. Bg3 Nge7 12. O-O-O+ Kc8 13. Nd5 Ng6 14. Be2
b6 15. Nf6 Kb7 16. Nd4 Ncxe5 17. Nh5 Rhg8 18. Nxg7 Rxg7 19. Nf5 Rh7 20. b3 h5
21. h4 g4 22. Rhf1 a5 23. Kb2 Re8 24. Rd2 Kb8 25. Kc3 Bc8 26. Bd1 Nd7 27. Bc2
Nc5 28. e5 Rhh8 29. Nd4 Be6 30. Nxe6 Rxe6 31. Rxf7 Nxe5 32. Rg7 Rhe8 33. Rd5
Ned7 34. Bf4 Kc8 35. Bg6 Ne4+ 36. Kb2 R6e7 37. Rxe7 Rxe7 38. Rxh5 Nef6 39. Rh8+
Kb7 40. g3 Re2+ 41. Kc3 Rxa2 42. h5 Rh2 43. h6 Nc5 44. h7 Nfe4+ 45. Kd4 Nf6 46.
Be5 Nxh7 47. Rxh7 1-0

[Event "OGD Prinsenstad-toernooi - A groep"]
[Site "Delft"]
[Date "2015.04.05"]
[Round "5.4"]
[White "Van Dijk, Harold"]
[Black "Van den Doel, Erik"]
[Result "1/2-1/2"]
[WhiteElo "2295"]
[BlackElo "2553"]
[PlyCount "78"]
[EventDate "2015.04.03"]
[EventType "swiss"]
[EventRounds "6"]
[EventCountry "NED"]
[Source "DSC"]
[SourceDate "2015.07.04"]

1. e4 c5 2. Nc3 a6 3. g3 b5 4. Bg2 Bb7 5. d3 e6 6. Nh3 b4 7. Nb1 d6 8. O-O Be7
9. a3 a5 10. f4 Nf6 11. Nd2 Nc6 12. e5 dxe5 13. fxe5 Qd4+ 14. Kh1 Qxe5 15. Nc4
Qc7 16. axb4 cxb4 17. Bf4 e5 18. Be3 O-O 19. Bb6 Qd7 20. Qd2 a4 21. Bg1 Nd5 22.
Ng5 f5 23. Nf3 f4 24. Nfxe5 Nxe5 25. Nxe5 Qc7 26. gxf4 a3 27. Bd4 Bc5 28. Bxc5
axb2 29. Rab1 Qxc5 30. Rxb2 Rxf4 31. Rbb1 Ne3 32. Bxb7 Rxf1+ 33. Rxf1 Nxf1 34.
Qf4 Rf8 35. Qxf8+ Qxf8 36. Bd5+ Kh8 37. Nf7+ Kg8 38. Nh6+ Kh8 39. Nf7+ Kg8
1/2-1/2

[Event "OGD Prinsenstad-toernooi - A groep"]
[Site "Delft"]
[Date "2015.04.05"]
[Round "5.5"]
[White "Vereggen, Lars"]
[Black "Peng, Zhaoqin"]
[Result "1-0"]
[WhiteElo "2255"]
[BlackElo "2378"]
[PlyCount "137"]
[EventDate "2015.04.03"]
[EventType "swiss"]
[EventRounds "6"]
[EventCountry "NED"]
[Source "DSC"]
[SourceDate "2015.07.04"]

1. d4 Nf6 2. Bg5 d5 3. Bxf6 exf6 4. Nf3 Bd6 5. g3 O-O 6. Bg2 f5 7. e3 Nd7 8.
O-O Nf6 9. Nbd2 c6 10. c4 Qe7 11. cxd5 Nxd5 12. Rc1 Nb6 13. Nb3 Be6 14. Nfd2 a5
15. a3 Rfd8 16. Qc2 Nd7 17. Nb1 a4 18. N3d2 Nb6 19. Nc3 Ra5 20. Rfe1 h6 21. Bf1
Qf6 22. Bd3 Bf8 23. Ne2 g5 24. Qc3 Raa8 25. Nc4 Nxc4 26. Bxc4 Bd6 27. Bxe6 Qxe6
28. Qc4 Ra5 29. Qc2 Rda8 30. Nc3 Qg6 31. Rcd1 Kg7 32. Qd2 Qe6 33. d5 cxd5 34.
Nxd5 Be5 35. f4 Bb8 36. Qd4+ f6 37. Nb4 Kg6 38. Qd7 Qxd7 39. Rxd7 Rb5 40. Rd8
Rba5 41. Nd5 Rb5 42. Nc7 Bxc7 43. Rxa8 Rxb2 44. Rxa4 Ra2 45. Rb1 b6 46. Rc4 Bd8
47. a4 Ra3 48. e4 fxe4 49. Rxe4 Kf5 50. Rc4 Kg6 51. Rb5 Ra1+ 52. Kg2 Ra2+ 53.
Kf3 Rxh2 54. f5+ Kh5 55. Rc8 Be7 56. Rxb6 Ra2 57. Rc4 g4+ 58. Ke4 Re2+ 59. Kd5
Kg5 60. Re4 Rd2+ 61. Ke6 Bc5 62. Rc6 Ba3 63. a5 Rd8 64. a6 Re8+ 65. Kd5 Rd8+
66. Kc4 Kxf5 67. Rf4+ Kg5 68. Rcxf6 Rc8+ 69. Kb3 1-0

[Event "OGD Prinsenstad-toernooi - A groep"]
[Site "Delft"]
[Date "2015.04.05"]
[Round "5.6"]
[White "Miedema, David"]
[Black "Nguyen, Kevin"]
[Result "1-0"]
[WhiteElo "2324"]
[BlackElo "2029"]
[PlyCount "33"]
[EventDate "2015.04.03"]
[EventType "swiss"]
[EventRounds "6"]
[EventCountry "NED"]
[Source "DSC"]
[SourceDate "2015.07.04"]

1. d4 Nf6 2. c4 g6 3. Nc3 Bg7 4. e4 d6 5. f3 O-O 6. Be3 Nc6 7. Nge2 a6 8. Qd2
Rb8 9. g4 b5 10. h4 h5 11. Ng3 hxg4 12. h5 e5 13. h6 Bh8 14. h7+ Nxh7 15. Qh2
Kg7 16. Qxh7+ Kf6 17. Bg5+ 1-0

[Event "OGD Prinsenstad-toernooi - A groep"]
[Site "Delft"]
[Date "2015.04.05"]
[Round "5.7"]
[White "L'Ami, Erwin"]
[Black "Oranje, Richard"]
[Result "1-0"]
[WhiteElo "2601"]
[BlackElo "2116"]
[PlyCount "69"]
[EventDate "2015.04.03"]
[EventType "swiss"]
[EventRounds "6"]
[EventCountry "NED"]
[Source "DSC"]
[SourceDate "2015.07.04"]

1. e4 e5 2. Nf3 Nc6 3. d4 exd4 4. Bc4 Nf6 5. O-O Nxe4 6. Re1 d5 7. Bxd5 Qxd5 8.
Nc3 Qa5 9. Nxe4 Be6 10. Neg5 O-O-O 11. Nxe6 fxe6 12. Rxe6 Qf5 13. Qe2 Bc5 14.
Bg5 d3 15. cxd3 Rxd3 16. Re1 h6 17. Bh4 g5 18. Bg3 Bb6 19. a4 h5 20. Rxc6 bxc6
21. Ne5 Rxg3 22. hxg3 Kb7 23. Qf3 Qxf3 24. gxf3 Re8 25. Re4 h4 26. Kg2 h3+ 27.
Kxh3 Bxf2 28. Kg4 c5 29. Nd3 Rxe4+ 30. fxe4 Bd4 31. b3 Be3 32. Kf5 Kc8 33. Ne5
Bd4 34. g4 a5 35. Nc4 1-0

[Event "OGD Prinsenstad-toernooi - A groep"]
[Site "Delft"]
[Date "2015.04.05"]
[Round "5.8"]
[White "Slingerland, Fred"]
[Black "Glimmerveen, Martin"]
[Result "1-0"]
[WhiteElo "2300"]
[BlackElo "2086"]
[PlyCount "71"]
[EventDate "2015.04.03"]
[EventType "swiss"]
[EventRounds "6"]
[EventCountry "NED"]
[Source "DSC"]
[SourceDate "2015.07.04"]

1. e4 c5 2. Nf3 Nc6 3. d4 cxd4 4. Nxd4 e5 5. Nb5 a6 6. Nd6+ Bxd6 7. Qxd6 Qf6 8.
Qxf6 Nxf6 9. Nc3 Nb4 10. Kd2 d6 11. a3 Nc6 12. Nd5 Nxd5 13. exd5 Ne7 14. c4 Bf5
15. a4 Nc8 16. a5 O-O 17. b4 b6 18. Be2 bxa5 19. Rxa5 Nb6 20. Kc3 Rfc8 21. Be3
Rab8 22. Rha1 Be4 23. Bxb6 Rxb6 24. f3 Bg6 25. Rxa6 Rxa6 26. Rxa6 Rd8 27. b5
Kf8 28. Rc6 f6 29. b6 Be8 30. Rc7 Bd7 31. b7 Ke8 32. Kb4 Rb8 33. Ka5 Kd8 34.
Kb6 g6 35. c5 dxc5 36. Rxc5 1-0

[Event "OGD Prinsenstad-toernooi - A groep"]
[Site "Delft"]
[Date "2015.04.05"]
[Round "5.9"]
[White "Ypma, Peter"]
[Black "Barendse, Ted"]
[Result "1/2-1/2"]
[WhiteElo "2243"]
[BlackElo "2107"]
[PlyCount "97"]
[EventDate "2015.04.03"]
[EventType "swiss"]
[EventRounds "6"]
[EventCountry "NED"]
[Source "DSC"]
[SourceDate "2015.07.04"]

1. e4 g6 2. d4 Bg7 3. Nc3 c5 4. dxc5 Bxc3+ 5. bxc3 Qa5 6. Qd4 Nf6 7. Qb4 Nc6 8.
Qxa5 Nxa5 9. Bd3 b6 10. cxb6 axb6 11. Be3 Bb7 12. f3 d5 13. Bb5+ Bc6 14. Bxc6+
Nxc6 15. Bxb6 dxe4 16. Bd4 O-O 17. Ne2 exf3 18. gxf3 e5 19. Bc5 Rfb8 20. Kf2
Rb2 21. Rhd1 Rxc2 22. a4 Nh5 23. Be3 Nf4 24. Rd2 Rxd2 25. Bxd2 Nd3+ 26. Ke3 Nc5
27. c4 Rd8 28. Be1 f5 29. a5 Kf7 30. Nc3 Nb3 31. Ra4 Ncxa5 32. Nb5 Nc6 33. Ra6
Ncd4 34. Ra7+ Kg8 35. Bc3 Nc2+ 36. Kf2 Nc5 37. Kg3 e4 38. fxe4 Nxe4+ 39. Kf4
Nxc3 40. Nxc3 Rd4+ 41. Ke5 Rxc4 42. Nd5 Rc5 43. Kf6 Rc6+ 44. Kg5 Kf8 45. Rxh7
Nd4 46. Ne7 Nf3+ 47. Kf4 Re6 48. Nxg6+ Rxg6 49. Kxf3 1/2-1/2

[Event "OGD Prinsenstad-toernooi - A groep"]
[Site "Delft"]
[Date "2015.04.05"]
[Round "5.10"]
[White "Legemaat, Gert"]
[Black "Van den Berg, Bram"]
[Result "0-1"]
[WhiteElo "2255"]
[BlackElo "2208"]
[PlyCount "124"]
[EventDate "2015.04.03"]
[EventType "swiss"]
[EventRounds "6"]
[EventCountry "NED"]
[Source "DSC"]
[SourceDate "2015.07.04"]

1. e4 d5 2. Nc3 dxe4 3. Nxe4 Nc6 4. Bb5 Qd5 5. Qe2 Bf5 6. Bxc6+ Qxc6 7. d3
O-O-O 8. Nf3 Nf6 9. Ne5 Qd5 10. Ng3 Bg6 11. O-O e6 12. a4 Bd6 13. Nc4 h5 14. f3
Bxg3 15. hxg3 h4 16. gxh4 Rxh4 17. Qe5 Rdh8 18. Bf4 Qd7 19. a5 Nd5 20. Bg3 f6
21. Qe2 R4h5 22. Kf2 Qc6 23. Ke1 Rd8 24. Qf2 Nb4 25. Ra3 Bxd3 26. cxd3 Nxd3+
27. Rxd3 Rxd3 28. Qc2 Rhd5 29. b3 e5 30. Rh1 Qe8 31. Kf2 Qd8 32. Ke2 Kb8 33.
Bf2 f5 34. Be3 f4 35. Bf2 b5 36. axb6 cxb6 37. Ra1 Rd7 38. Qb2 R3d5 39. Kf1 Qe8
40. Re1 Re7 41. Qc2 Qb5 42. Kg1 g5 43. Qf5 e4 44. Qf6 Qd7 45. fxe4 Rd1 46. e5
Rxe1+ 47. Bxe1 Qd4+ 48. Kf1 Qd3+ 49. Kf2 Qd4+ 50. Kf3 Qd5+ 51. Kg4 Qxg2+ 52.
Kf5 Qh3+ 53. Kxg5 Qd7 54. Qd6+ Qxd6 55. exd6 Rxe1 56. Kxf4 b5 57. Ne5 a5 58.
Nd3 Re6 59. d7 Kc7 60. Kf5 Rd6 61. Nc5 Rd5+ 62. Ke6 Rxc5 0-1

[Event "OGD Prinsenstad-toernooi - A groep"]
[Site "Delft"]
[Date "2015.04.05"]
[Round "5.11"]
[White "Woestenburg, Jochem"]
[Black "Schroer, Marcel"]
[Result "0-1"]
[WhiteElo "2055"]
[BlackElo "2208"]
[PlyCount "82"]
[EventDate "2015.04.03"]
[EventType "swiss"]
[EventRounds "6"]
[EventCountry "NED"]
[Source "DSC"]
[SourceDate "2015.07.04"]

1. e4 g6 2. d4 Bg7 3. Nc3 d6 4. Be3 Nf6 5. f3 O-O 6. Qd2 e5 7. Nge2 exd4 8.
Nxd4 d5 9. exd5 Nxd5 10. Nxd5 Qxd5 11. c4 Qe5 12. f4 Qe7 13. Be2 c5 14. Nb5 Nc6
15. Nc3 Bxc3 16. Qxc3 Re8 17. Kf2 Nd4 18. Bd1 Qh4+ 19. g3 Qh3 20. Bxd4 cxd4 21.
Qxd4 Be6 22. Bf3 Red8 23. Qc3 Rac8 24. b3 b5 25. c5 Bd5 26. Rad1 Bxf3 27. Rxd8+
Rxd8 28. Kxf3 Qf5 29. Kf2 Rd3 30. Qe5 Rd2+ 31. Kf3 Qd3+ 32. Kg4 h5+ 33. Kh4 Qf3
34. Qe8+ Kg7 35. Qe5+ Kh7 36. h3 Qxh1 37. f5 Qb1 38. g4 Qd3 39. Qe7 Qd8 40. f6
Qxe7 41. fxe7 Re2 0-1

[Event "OGD Prinsenstad-toernooi - A groep"]
[Site "Delft"]
[Date "2015.04.05"]
[Round "5.12"]
[White "Overeem, Marc"]
[Black "Kokje, Joris"]
[Result "1-0"]
[WhiteElo "2201"]
[BlackElo "1979"]
[PlyCount "101"]
[EventDate "2015.04.03"]
[EventType "swiss"]
[EventRounds "6"]
[EventCountry "NED"]
[Source "DSC"]
[SourceDate "2015.07.04"]

1. c4 f5 2. g3 Nf6 3. Bg2 e6 4. Nf3 Be7 5. O-O O-O 6. Nc3 d6 7. b4 Nbd7 8. d3
h6 9. Qc2 Qe8 10. Bb2 e5 11. a4 g5 12. Nb5 Bd8 13. c5 dxc5 14. bxc5 a6 15. Na3
c6 16. Nc4 Bc7 17. Nd6 Bxd6 18. cxd6 Qe6 19. e4 f4 20. gxf4 gxf4 21. d4 Kh7 22.
Nxe5 Nxe5 23. dxe5 f3 24. Bxf3 Ng4 25. Bg2 Rg8 26. Qc3 Qg6 27. Qg3 Qh5 28. f4
Nxe5 29. Bxe5 Bh3 30. Rae1 Bxg2 31. Kxg2 Qf7 32. f5 c5 33. Ba1 Rxg3+ 34. hxg3
Rg8 35. Rd1 Qc4 36. Rfe1 Qc2+ 37. Kh3 Qf2 38. Be5 Rg5 39. Bf4 Rg8 40. d7 h5 41.
Rf1 Qe2 42. Rfe1 Qf2 43. Re3 c4 44. d8=Q Rxd8 45. Rxd8 Qf1+ 46. Kh4 Qh1+ 47.
Kg5 Qh3 48. Rd7+ Kg8 49. Kg6 Qg4+ 50. Bg5 Kf8 51. Rd8# 1-0

[Event "OGD Prinsenstad-toernooi - A groep"]
[Site "Delft"]
[Date "2015.04.05"]
[Round "6.1"]
[White "Kravtsiv, Martyn"]
[Black "Miedema, David"]
[Result "1/2-1/2"]
[WhiteElo "2583"]
[BlackElo "2324"]
[PlyCount "63"]
[EventDate "2015.04.03"]
[EventType "swiss"]
[EventRounds "6"]
[EventCountry "NED"]
[Source "DSC"]
[SourceDate "2015.07.04"]

1. e4 e6 2. d4 d5 3. Nc3 Bb4 4. e5 c5 5. a3 Bxc3+ 6. bxc3 Ne7 7. Nf3 h6 8. a4
O-O 9. Bd3 b6 10. O-O Ba6 11. Be3 Bxd3 12. cxd3 Nd7 13. Nh4 cxd4 14. cxd4 f5
15. exf6 Rxf6 16. Rc1 Rc8 17. Qe2 Nf8 18. g3 Nfg6 19. Nxg6 Nxg6 20. Bd2 Rxc1
21. Rxc1 Qd6 22. a5 Kh7 23. Rb1 bxa5 24. Bxa5 Qa6 25. Bd2 Rf7 26. h4 Ne7 27.
Bf4 Rxf4 28. gxf4 Nf5 29. h5 Nxd4 30. Qg4 Qc8 31. Ra1 Qd7 32. Rxa7 1/2-1/2

[Event "OGD Prinsenstad-toernooi - A groep"]
[Site "Delft"]
[Date "2015.04.05"]
[Round "6.2"]
[White "Khenkin, Igor"]
[Black "Reinderman, Dimitri"]
[Result "1/2-1/2"]
[WhiteElo "2590"]
[BlackElo "2574"]
[PlyCount "55"]
[EventDate "2015.04.03"]
[EventType "swiss"]
[EventRounds "6"]
[EventCountry "NED"]
[Source "DSC"]
[SourceDate "2015.07.04"]

1. d4 f5 2. g3 Nf6 3. Bg2 g6 4. Nf3 Bg7 5. O-O O-O 6. c4 d6 7. Nc3 c6 8. Rb1 a5
9. b3 Na6 10. Bb2 Qc7 11. d5 e5 12. dxe6 Bxe6 13. Nd4 Rfe8 14. Nxe6 Rxe6 15. e3
Nc5 16. a3 Nfe4 17. Nxe4 Nxe4 18. Bxg7 Qxg7 19. Bxe4 fxe4 20. Qg4 Qe5 21. b4 h5
22. Qf4 axb4 23. Rxb4 Qg7 24. Rfb1 g5 25. Qf5 Re7 26. Rd1 Rf8 27. Qh3 Qf6 28.
Rd2 1/2-1/2

[Event "OGD Prinsenstad-toernooi - A groep"]
[Site "Delft"]
[Date "2015.04.05"]
[Round "6.3"]
[White "Haslinger, Stewart"]
[Black "Vereggen, Lars"]
[Result "1-0"]
[WhiteElo "2526"]
[BlackElo "2255"]
[PlyCount "97"]
[EventDate "2015.04.03"]
[EventType "swiss"]
[EventRounds "6"]
[EventCountry "NED"]
[Source "DSC"]
[SourceDate "2015.07.04"]

1. e4 c5 2. Nf3 d6 3. Bb5+ Nd7 4. O-O a6 5. Bd3 Ngf6 6. Re1 b5 7. c4 Rb8 8.
cxb5 axb5 9. a4 bxa4 10. Nc3 e6 11. Bb5 Be7 12. e5 Ng4 13. d4 O-O 14. h3 Nh6
15. Bxh6 gxh6 16. Rxa4 Nb6 17. Ra7 Rb7 18. Ra1 dxe5 19. Nxe5 cxd4 20. Nc6 Qd6
21. Ne4 Qc7 22. Qxd4 e5 23. Qxe5 Qxe5 24. Nxe5 Be6 25. Nc6 Nd5 26. Bc4 Kh8 27.
Nxe7 Nxe7 28. Bxe6 fxe6 29. Nc5 Rxb2 30. Rxe6 Ng6 31. Ne4 Rf7 32. g3 Kg7 33. h4
Re2 34. Ra4 Nf8 35. Rd6 Re7 36. Nf6 Rf7 37. Nh5+ Kh8 38. Nf4 Re1+ 39. Kg2 Kg7
40. Nh5+ Kg8 41. Rg4+ Kh8 42. Rxh6 Ng6 43. Ra4 Re8 44. Ra6 Ref8 45. f4 Rg8 46.
Kh3 Ne7 47. Rhf6 Rxf6 48. Nxf6 Rg6 49. h5 1-0

[Event "OGD Prinsenstad-toernooi - A groep"]
[Site "Delft"]
[Date "2015.04.05"]
[Round "6.4"]
[White "Martens, Martin"]
[Black "L'Ami, Erwin"]
[Result "0-1"]
[WhiteElo "2409"]
[BlackElo "2601"]
[PlyCount "118"]
[EventDate "2015.04.03"]
[EventType "swiss"]
[EventRounds "6"]
[EventCountry "NED"]
[Source "DSC"]
[SourceDate "2015.07.04"]

1. e4 e5 2. Nf3 Nc6 3. Bb5 a6 4. Ba4 g6 5. O-O Bg7 6. c3 d6 7. d4 Bd7 8. Re1
Nge7 9. Be3 O-O 10. Nbd2 Qe8 11. Bb3 Kh8 12. h3 f5 13. dxe5 dxe5 14. exf5 gxf5
15. Bc5 e4 16. Nxe4 fxe4 17. Rxe4 Bf5 18. Re3 Bf6 19. Nd4 Qd7 20. Nxc6 Qxd1+
21. Rxd1 Nxc6 22. Bxf8 Rxf8 23. Be6 Bg6 24. Rd7 Be5 25. Rd5 Bd6 26. Bd7 Nb8 27.
Bg4 Kg7 28. g3 Nc6 29. Bd7 Nb8 30. Bg4 h6 31. b4 Nc6 32. Bd7 Bf7 33. Bxc6 bxc6
34. Ra5 Bc4 35. Re4 Bd5 36. Rg4+ Kh7 37. Rd4 Re8 38. Rdxd5 cxd5 39. Rxd5 Re1+
40. Kg2 Rc1 41. Rd3 Kg6 42. a4 Rc2 43. Kf3 Be5 44. Ke4 Bxc3 45. b5 Bf6 46. f4
Rc4+ 47. Kd5 Rxa4 48. bxa6 Rxa6 49. Rb3 Kf5 50. Kc5 Rd6 51. Rb8 Ke4 52. Rg8
Bd4+ 53. Kb5 Rb6+ 54. Kc4 Rc6+ 55. Kb5 Rc3 56. Rg6 Kd5 57. Rxh6 c6+ 58. Ka4 Bc5
59. Rh5+ Kd4 0-1

[Event "OGD Prinsenstad-toernooi - A groep"]
[Site "Delft"]
[Date "2015.04.05"]
[Round "6.5"]
[White "Van den Doel, Erik"]
[Black "Slingerland, Fred"]
[Result "1-0"]
[WhiteElo "2553"]
[BlackElo "2300"]
[PlyCount "51"]
[EventDate "2015.04.03"]
[EventType "swiss"]
[EventRounds "6"]
[EventCountry "NED"]
[Source "DSC"]
[SourceDate "2015.07.04"]

1. d4 d5 2. c4 dxc4 3. Nf3 Nf6 4. e3 e6 5. Bxc4 c5 6. O-O Nc6 7. Nc3 a6 8. a3
cxd4 9. exd4 Be7 10. Ba2 O-O 11. Bf4 Nd5 12. Bg3 Nxc3 13. bxc3 Bd6 14. c4 Bxg3
15. hxg3 Qd6 16. Qd3 Ne7 17. c5 Qc7 18. Rab1 Rd8 19. Qe4 Rb8 20. Ng5 Ng6 21. f4
Nf8 22. f5 exf5 23. Bxf7+ Kh8 24. Qh4 Qe7 25. Rfe1 Qf6 26. Rb6 1-0

[Event "OGD Prinsenstad-toernooi - A groep"]
[Site "Delft"]
[Date "2015.04.05"]
[Round "6.6"]
[White "Van den Berg, Bram"]
[Black "De Jong, Migchiel"]
[Result "1/2-1/2"]
[WhiteElo "2208"]
[BlackElo "2330"]
[PlyCount "86"]
[EventDate "2015.04.03"]
[EventType "swiss"]
[EventRounds "6"]
[EventCountry "NED"]
[Source "DSC"]
[SourceDate "2015.07.04"]

1. e4 e6 2. d4 d5 3. e5 c5 4. c3 Qb6 5. Bd3 cxd4 6. cxd4 Nc6 7. Nf3 Bd7 8. O-O
Nxd4 9. Nxd4 Qxd4 10. Nc3 a6 11. Kh1 Qxe5 12. Re1 Qd6 13. Qf3 Nf6 14. Bf4 Qb4
15. Be5 Be7 16. Bxf6 gxf6 17. Nxd5 Bc6 18. Nxf6+ Kf8 19. Be4 Qxb2 20. Bxc6 Qxf6
21. Bxb7 Qxf3 22. Bxf3 Rb8 23. Rab1 Kg7 24. g3 Rb5 25. a4 Ra5 26. Re4 Rd8 27.
Rb2 Bf6 28. Rb7 Rd2 29. Be2 Re5 30. Rxe5 Bxe5 31. Bxa6 Rxf2 32. Bc4 Kf6 33. a5
Rc2 34. Bb5 Rc7 35. Rxc7 Bxc7 36. a6 Bb6 37. Kg2 Ke5 38. Kf3 f5 39. g4 fxg4+
40. Kxg4 Kf6 41. Bd3 h6 42. Kh5 Be3 43. a7 Bxa7 1/2-1/2

[Event "OGD Prinsenstad-toernooi - A groep"]
[Site "Delft"]
[Date "2015.04.05"]
[Round "6.7"]
[White "Peng, Zhaoqin"]
[Black "Van Dijk, Harold"]
[Result "1-0"]
[WhiteElo "2378"]
[BlackElo "2295"]
[PlyCount "123"]
[EventDate "2015.04.03"]
[EventType "swiss"]
[EventRounds "6"]
[EventCountry "NED"]
[Source "DSC"]
[SourceDate "2015.07.04"]

1. d4 Nf6 2. Nf3 g6 3. c4 Bg7 4. Nc3 O-O 5. e4 d6 6. Be2 c5 7. O-O Nc6 8. d5
Na5 9. h3 e5 10. a3 b6 11. b4 Nb7 12. Ne1 Ne8 13. Bb2 Qh4 14. Nd3 Bh6 15. bxc5
Nxc5 16. Nxc5 bxc5 17. Bc1 f5 18. Bxh6 Qxh6 19. exf5 gxf5 20. f4 e4 21. Qd2 Qg7
22. Kh2 Ba6 23. Rab1 Rf6 24. Nd1 Rf8 25. Ne3 Bc8 26. Rb3 Nf6 27. Nxf5 Bxf5 28.
Rg3 Bg6 29. f5 Nd7 30. fxg6 hxg6 31. Rxf8+ Nxf8 32. Qf4 Qe7 33. Bg4 Re8 34. Re3
Qe5 35. Kg3 g5 36. Qxe5 Rxe5 37. Kf2 Kg7 38. Rb3 Re7 39. Ke3 Ng6 40. Rb8 Ne5
41. Be2 Nf7 42. a4 a5 43. Rb5 Ra7 44. Kxe4 Kf6 45. Rb6 Re7+ 46. Kd3 Ke5 47. g3
Nh6 48. Rb5 Nf5 49. Rxa5 Nxg3 50. Bg4 Kf4 51. Ra8 Re3+ 52. Kc2 Re4 53. Kb3 Re3+
54. Kb2 Re4 55. Rf8+ Ke5 56. Re8+ Kd4 57. Rxe4+ Nxe4 58. a5 Nd2 59. Be2 Ke3 60.
a6 Kxe2 61. Kc3 Nb1+ 62. Kc2 1-0